Welcome to WEB OPAC of MRSPTU Central Library

Elements of Architecture (Record no. 5680)

MARC details
000 -LEADER
fixed length control field 00404nam a2200169Ia 4500
008 - FIXED-LENGTH DATA ELEMENTS--GENERAL INFORMATION
fixed length control field 230711s9999||||xx |||||||||||||| ||und||
020 ## - INTERNATIONAL STANDARD BOOK NUMBER
International Standard Book Number 978-88-910-1298-2
041 ## - LANGUAGE CODE
Language code of text/sound track or separate title ENG
082 ## - DEWEY DECIMAL CLASSIFICATION NUMBER
Classification number 720
Item number KO-F
100 ## - MAIN ENTRY--PERSONAL NAME
Personal name Koolhaas,Rem
245 #0 - TITLE STATEMENT
Title Elements of Architecture
Remainder of title FLOOR
250 ## - EDITION STATEMENT
Edition statement 1st . . Ed.
260 ## - PUBLICATION, DISTRIBUTION, ETC.
Date of publication, distribution, etc. 2014
Place of publication, distribution, etc. Korea
Name of publisher, distributor, etc. Marsilio Venezia
300 ## - PHYSICAL DESCRIPTION
Extent 88
650 ## - SUBJECT ADDED ENTRY--TOPICAL TERM
Topical term or geographic name entry element Architecture
942 ## - ADDED ENTRY ELEMENTS (KOHA)
Koha item type Book
Holdings
Withdrawn status Lost status Damaged status Not for loan Collection Home library Current library Date acquired Total checkouts Full call number Barcode Date last seen Price effective from Koha item type
          MRSPTU Central Library MRSPTU Central Library     720 KO-F 30931 08/17/2023 08/17/2023 Book
          MRSPTU Central Library MRSPTU Central Library     720 KO-W 30932 08/17/2023 08/17/2023 Book
          MRSPTU Central Library MRSPTU Central Library     720 KO-C 30933 08/17/2023 08/17/2023 Book
          MRSPTU Central Library MRSPTU Central Library     720 KO-R 30934 08/17/2023 08/17/2023 Book
          MRSPTU Central Library MRSPTU Central Library     720 KO-D 30935 08/17/2023 08/17/2023 Book
          MRSPTU Central Library MRSPTU Central Library     720 KO-W 30936 08/17/2023 08/17/2023 Book
          MRSPTU Central Library MRSPTU Central Library     720 KO-F 30937 08/17/2023 08/17/2023 Book
          MRSPTU Central Library MRSPTU Central Library     720 KO-B 30938 08/17/2023 08/17/2023 Book
          MRSPTU Central Library MRSPTU Central Library     720 KO-C 30939 08/17/2023 08/17/2023 Book
          MRSPTU Central Library MRSPTU Central Library     720 KO-F 30940 08/17/2023 08/17/2023 Book
          MRSPTU Central Library MRSPTU Central Library     720 KO-T 30941 08/17/2023 08/17/2023 Book
          MRSPTU Central Library MRSPTU Central Library     720 KO-S 30942 08/17/2023 08/17/2023 Book
          MRSPTU Central Library MRSPTU Central Library     720 KO-E 30943 08/17/2023 08/17/2023 Book
          MRSPTU Central Library MRSPTU Central Library     720 KO-E 30944 08/17/2023 08/17/2023 Book
          MRSPTU Central Library MRSPTU Central Library     720 KO-R 30945 08/17/2023 08/17/2023 Book

Website Designed and Developed by MRSPTU Central Library Team

E-mail Id: librarian@mrsptu.ac.in